Lebenswerteste Städte - Statistiken

Allgemein
  • Dieses Quiz wurde 20.027 mal gespielt
  • Das Durchschnittsergebnis liegt bei 13 aus 25
Antwortstatistiken
# Kontinent Stadt % Korrekt
13 Europa Berlin
87%
10 Ozeanien Sydney
80%
4 Europa München
79%
1 Europa Wien
77%
20 Europa Stockholm
74%
19 Europa Hamburg
70%
9 Europa Kopenhagen
65%
2 Europa Zürich
64%
12 Europa Amsterdam
63%
14 Europa Bern
62%
16 Ozeanien Melbourne
56%
16 Nordamerika Toronto
50%
15 Ozeanien Wellington
45%
7 Europa Frankfurt
42%
5 Nordamerika Vancouver
41%
3 Ozeanien Auckland
39%
18 Nordamerika Ottawa
38%
25 Asien Singapur
38%
22 Ozeanien Perth
36%
8 Europa Genf
35%
6 Europa Düsseldorf
30%
10 Europa Basel
29%
23 Nordamerika Montreal
28%
21 Europa Luxemburg
20%
24 Europa Nürnberg
14%
Keine übereinstimmenden Quizze gefunden
Verteilung der Resultate
Anzahl Personen mit jedem Resultat
Perzentil nach korrekt beantworteten Fragen
Ihre Resultats-Entwicklung
Sie haben dieses Quiz noch nicht gespielt